|
|
|
|
| LEADER |
01335nam a2200289 u 4500 |
| 001 |
10097375 |
| 003 |
upatras |
| 005 |
20240326122158.0 |
| 008 |
120511s2000 ger |
| 020 |
|
|
|a 3476016862
|q ((alk. paper))
|
| 040 |
|
|
|a GR-PaULI
|c GR-PaULI
|
| 041 |
0 |
|
|a ger
|
| 082 |
0 |
4 |
|a 792.093801
|
| 100 |
1 |
|
|a Riedel, Volker
|4 aut
|9 106181
|
| 245 |
1 |
0 |
|a Antikerezeption in der deutschen Literatur vom Renaissance-Humanismus bis zur Gegenwart
|b eine Einfuhrung
|c Volker Riedel.
|
| 260 |
|
|
|a Stuttgart
|b Metzler
|c c2000
|
| 300 |
|
|
|a viii, 515 p.
|c 24 cm.
|
| 504 |
|
|
|a Includes bibliographical references (p. [407]-484) and indexes.
|
| 650 |
|
4 |
|a Πρόσληψη
|x Αρχαίο Θέατρο
|9 8012
|
| 650 |
|
0 |
|a Ελληνικό δράμα
|x Παρουσίαση, Σύγχρονη.
|9 185251
|
| 650 |
|
4 |
|a Γερμανική λογοτεχνία
|x Κλασσικές επιρροές
|9 106182
|
| 650 |
|
4 |
|a Γερμανική λογοτεχνία
|x Ιστορία και κριτική
|9 106183
|
| 852 |
|
|
|a GR-PaULI
|b ΠΑΤΡΑ
|b ΘΕΑΤΡΟΛΟΓΙΑ
|k ΑΣΧΞ-3
|h 792.093801
|m 011329
|p 025000197121
|t 1
|
| 942 |
|
|
|2 ddc
|c BK15
|
| 952 |
|
|
|0 0
|1 0
|4 0
|6 792_093801000000000
|7 0
|9 111024
|a THST
|b THST
|d 2016-04-24
|i 011329
|l 0
|o 792.093801
|p 025000197121
|r 2016-04-24 00:00:00
|t 1
|w 2016-04-24
|y BK15
|
| 998 |
|
|
|c ΜΑΝΙΑ
|d 2012-05
|
| 999 |
|
|
|c 74317
|d 74317
|